000 00904cam a2200337 4500500
005 20260329002835.0
041 _afre
042 _adc
100 1 0 _aLacroix, Alexandre
_eauthor
245 0 0 _aEssai de classification philopathologique
260 _c2013.
500 _a29
690 _aAlexandre Lacroix
690 _aDeleuze
690 _aHume
690 _aLucrèce
690 _aMarc Aurèle
690 _aMultiple
690 _aNietzsche
690 _aParano
690 _aPlusieurs vies en une
690 _aRousseau
690 _aSchizo
690 _aSchopenhauer
690 _aSoïtciens
690 _aThérapie
690 _aThérèse d’Avila
690 _aUn
786 0 _nPhilosophie magazine | 75 | 12 | 2013-12-01 | p. 34-35 | 1951-1787
856 4 1 _uhttps://shs.cairn.info/magazine-philosophie-magazine-2013-12-page-34?lang=fr&redirect-ssocas=7080
999 _c1818906
_d1818906